000 00587nam a2200217Ia 4500
003 OSt
005 20220925222027.0
006 a|||||r|||| 00| 0
007 ta
008 220923b |||||||| |||| 00| 0 eng d
037 _cGeneral Book
040 _aRTL
_cRTL
_beng
041 _2eng
_aeng
082 _aX:3M24xM71, K6/SC
100 _aNETT J.P.
_9287319
245 0 _aRosa Luxemburg.
260 _aLondon
_bOxford University Press
_c1969
300 _axvii,557p.
_ccm.
942 _hX:3M24xM71, K6/SC
_cGB
_2CC
999 _c575881
_d575881